| Tag |
First Indicator |
Second Indicator |
Subfields |
| LEADER |
00000nam a2200000Ki 4500 |
| 001 |
in00004603003 |
| 006 |
m o d |
| 007 |
cr cnu---unuuu |
| 008 |
200821s2020 mau ob 001 0 eng d |
| 005 |
20221121162740.9 |
| 035 |
|
|
|a (MaCbMITP)12940
|
| 040 |
|
|
|a OCoLC-P
|b eng
|e rda
|e pn
|c OCoLC-P
|
| 020 |
|
|
|a 0262358719
|q (electronic bk.)
|
| 020 |
|
|
|a 9780262358712
|q (electronic bk.)
|
| 020 |
|
|
|z 9780262044059
|
| 020 |
|
|
|z 0262044056
|
| 035 |
|
|
|a (OCoLC)1187209066
|
| 035 |
|
|
|a (OCoLC-P)1187209066
|
| 050 |
|
4 |
|a BF317
|b .S48 2020eb
|
| 082 |
0 |
4 |
|a 152.8/3
|2 23
|
| 100 |
1 |
|
|a Shadmehr, Reza,
|e author.
|
| 245 |
1 |
0 |
|a Vigor :
|b neuroeconomics of movement control /
|c Reza Shadmehr and Alaa A. Ahmed.
|
| 264 |
|
1 |
|a Cambridge, Massachusetts :
|b The MIT Press,
|c [2020]
|
| 300 |
|
|
|a 1 online resource (xiii, 352 pages) :
|b illustrations.
|
| 336 |
|
|
|a text
|b txt
|2 rdacontent
|
| 337 |
|
|
|a computer
|b c
|2 rdamedia
|
| 338 |
|
|
|a online resource
|b cr
|2 rdacarrier
|
| 520 |
|
|
|a "Why do we run toward people we love, but only walk toward others? Why do people in New York seem to be in a rush? Why do our eyes linger longer on things we value more? There is a link between how the brain assigns value to things, and how it controls our movements. This link is an ancient one, developed through shared neural circuits that on one hand teach us how to value things, and on the other hand control the vigor with which we move. As a result, when there is damage to systems that signal reward, like dopamine and serotonin, that damage not only affects our mood and patterns of decision making, but how we move. In this book, we first ask why in principle evolution should have developed a shared system of control between valuation and vigor. We then focus on the neural basis of vigor, synthesizing results from experiments that have measured activity in various brain structures and neuromodulators, during tasks in which animals decide how patiently they should wait for reward, and how vigorously they should move to acquire it. Thus, the way we move unmasks one of our well-guarded secrets: how much we value the thing we are moving toward"--
|c Provided by publisher.
|
| 588 |
|
|
|a OCLC-licensed vendor bibliographic record.
|
| 650 |
|
0 |
|a Reaction time
|x Physiological aspects.
|
| 650 |
|
0 |
|a Reward (Psychology)
|x Physiological aspects.
|
| 650 |
|
0 |
|a Decision making
|x Physiological aspects.
|
| 653 |
|
|
|a NEUROSCIENCE/Neurobiology
|
| 655 |
|
7 |
|a Electronic books.
|2 local
|
| 856 |
4 |
0 |
|u http://proxy.library.tamu.edu/login?url=https://doi.org/10.7551/mitpress/12940.001.0001?locatt=mode:legacy
|z Connect to the full text of this electronic book
|t 0
|
| 955 |
|
|
|a MIT D2O ebooks
|
| 999 |
f |
f |
|s 7b3ce324-31f7-4f24-828c-e970b6648906
|i 39a37c5c-7e31-4659-9f4d-1072b9515a70
|t 0
|
| 952 |
f |
f |
|a Texas A&M University
|b College Station
|c Electronic Resources
|d Available Online
|t 0
|e BF317 .S48 2020eb
|h Library of Congress classification
|
| 998 |
f |
f |
|a BF317 .S48 2020eb
|t 0
|l Available Online
|